000 00210nam a2200097Ia 4500
008 170619s9999 xx 000 0 und d
100 _aSze- S M
245 0 _aVLSI Technology
260 _bMc Graw Hill
260 _c1988
546 _aENGLISH
999 _c17503
_d17503